Nghiên cứu tổng hợp các hạt nano phát quang znse, znse:mnzns, znsezns:mnzns định hướng ứng dụng trong y sinh : Luận án Tiến sĩ Khoa học vật liệu - Chuyên ngành: Vật liệu quang học, quang điện tử và quang tử
সংরক্ষণ করুন:
| প্রধান লেখক: | |
|---|---|
| বিন্যাস: | Luận văn |
| ভাষা: | Undetermined |
| প্রকাশিত: |
Học Viện Khoa học và Công nghệ
2022
|
| বিষয়গুলি: | |
| অনলাইন ব্যবহার করুন: | https://opac.iuh.edu.vn/TraCuuTaiLieuSo2XemChiTiet.aspx?Id=111624 |
| ট্যাগগুলো: |
ট্যাগ যুক্ত করুন
কোনো ট্যাগ নেই, প্রথমজন হিসাবে ট্যাগ করুন!
|
| Thư viện lưu trữ: | Trung tâm Thư viện - Trường Đại học Công nghiệp TP. Hồ Chí Minh |
|---|
| LEADER | 00883nam a2200169Ia 4500 | ||
|---|---|---|---|
| 001 | UIH_02036 | ||
| 008 | 230809s9999 xx 000 0 und d | ||
| 082 | |a 620.5 | ||
| 100 | |a Bùi, Thị Diễm | ||
| 245 | 0 | |a Nghiên cứu tổng hợp các hạt nano phát quang znse, znse:mnzns, znsezns:mnzns định hướng ứng dụng trong y sinh : Luận án Tiến sĩ Khoa học vật liệu - Chuyên ngành: Vật liệu quang học, quang điện tử và quang tử | |
| 245 | 0 | |c Bùi, Thị Diễm | |
| 260 | |b Học Viện Khoa học và Công nghệ | ||
| 260 | |c 2022 | ||
| 650 | |a Vật liệu nano;Luận án tiến sĩ; | ||
| 856 | |u https://opac.iuh.edu.vn/TraCuuTaiLieuSo2XemChiTiet.aspx?Id=111624 | ||
| 927 | |a Luận văn | ||
| 980 | |a Trung tâm Thư viện - Trường Đại học Công nghiệp TP. Hồ Chí Minh | ||